000 00792nam a22001697a 4500
003 SGT
020 _a9780070445208
082 _a331,MOD
100 _aMOOD M. ALEXANDER
245 _aINTRODUCTION TO THE THEORY OF STATISTICS
250 _a3RD
260 _aNEW DELHI
_bMC GRAW HILL
_c2001
300 _a564
650 _aLABOR ECONOMICS
653 _aPROBABILITY, RANDOM VARIABLES, DISTRIBUTION FUNCTIONS, AND EXPECTATION, SPECIAL PARAMETRIC FAMILITES OF UNIVARIATE DISTRIBUTIONS, JOINT AND CONDITIONAL DISTRIBUTIONS, STOCHASTIC INDEPENDENCE,MORE EXCEPTION, DISTRIBUTIONS OF FUNCTIONS AND RANDOM VARIABLES, SAMPLING AND SAMPLING DISTRIBUTIONS, PARAMETRIC POINT ESTIMATION, Parametric Interval Estimation, TESTS OF HYPOTHESES, LINEAR MODELS, NONPARAMETRIC METHOD,
942 _2ddc
_cFPS
999 _c9448
_d9448